Every Survivor Castaway... Ever (Seasons 1-19) Quiz Stats

 Plays Quiz not verified by Sporcle

Challenge
Share
Tweet
Embed
Score 0/299 Timer 20:00
0 Plays Today
% Correct
Richard Hatch
96%
Kel Gleason
94.2%
Kelly Wigglesworth
93.6%
Kelly Goldsmith
93.6%
Kelly Czarnecki
93.6%
Kelly Sharbaugh
93.6%
Jenna Lewis
92.2%
Jenna Morasca
92.2%
Rob Mariano
91.7%
Rob Cesternino
91.7%
Jenn Lyon
91.1%
Colby Donaldson
90.7%
Tina Wesson
90.7%
Tom 'Big Tom' Buchanan
90.7%
Tina Scheer
90.7%
Tom Westman
90.6%
Susan Hawk
90.4%
Rudy Boesch
88.9%
Dan Barry
88.9%
Bob Crowley
88.9%
Dan Kay
88.9%
Kim Johnson
88.7%
Kim Powers
88.7%
Kim Mullin
88.7%
Stephenie LaGrossa
88.7%
Brian Heidik
88.6%
Brian Corridan
88.6%
Ethan Zohn
88.4%
Jon 'Jonny Fairplay' Dalton
88.4%
Amber Brkich
88.2%
Sandra Diaz-Twine
88%
Chris Daugherty
87.8%
Joe Dowdle
87.7%
John Carroll
87.3%
John Raymond
87.3%
John Kenney
87.3%
John Palyok
87.3%
John Fincher
87.3%
Greg Buis
87.1%
Jerri Manthey
86.8%
Kathy Vavrick-O'Brien
86.6%
Kathy Sleckman
86.6%
Lex van der Berghe
86.2%
Alex Bell
86.2%
Alex Angarita
86.2%
Eliza Orlins
86%
James Miller
85.8%
James Clement
85.8%
Russell Hantz
85.8%
Russell Swan
85.8%
Joel Klug
85.5%
Daniel Lue
85.5%
Rupert Boneham
85.5%
Jonathan Penner
85.5%
Joel Anderson
85.5%
Bobby Mason
85.3%
Vecepia Towery
84.9%
Natalie Bolton
84.9%
Natalie White
84.9%
Amanda Kimmel
84.8%
Sean Keniff
84.6%
Sean Rector
84.6%
Aras Baskauskas
84.6%
Parvati Shallow
84.6%
Erik Huffman
84.6%
Erik Reichenbach
84.6%
Jessica 'Sugar' Kiper
84.6%
Erik Cardona
84.6%
B.B. Anderson
84.2%
Colleen Haskell
84.2%
Gervase Peterson
83.7%
Debb Eaton
83.7%
Courtney Marit
83.7%
Courtney Yates
83.7%
Heidi Strobel
83.3%
Stephen Fishbach
83.1%
Ozzy Lusth
82.9%
Yul Kwon
82.9%
Ami Cusack
82.8%
Sonja Christopher
82.6%
Alicia Calaway
82.6%
Lillian Morris
82.6%
Todd Herzog
82.4%
Mike Borassi
82.2%
Elisabeth Filarski
82%
Danni Boatwright
82%
Erin Collins
81.7%
J.T. Thomas
81.7%
Jeff Varner
81.5%
Jeff Wilson
81.5%
Danielle DiLorenzo
81.5%
Dave Johnson
81.3%
Cirie Fields
81.3%
Dave Cruser
81.3%
Dave Ball
81.3%
Candice Woodcock
81.1%
Bobby Jon Drinkard
80.9%
Becky Lee
80.9%
Neleh Dennis
80.4%
Jan Gentry
80%
% Correct
Twila Tanner
80%
Michelle Tesauro
79.9%
Michelle Yi
79.9%
Michelle Chase
79.9%
Benjamin 'Coach' Wade
79.9%
Ken Stafford
79.7%
Matthew von Ertfelda
79.7%
Ken Hoang
79.7%
Ian Rosenberger
79.5%
Nick Brown
79.3%
Scout Cloud Lee
79.3%
Nick Stanbury
79.3%
Earl Cole
79.3%
Gretchen Cordy
79.1%
Jonathan Libby
79.1%
Yau-Man Chan
78.9%
Katie Gallagher
78.8%
Kimmi Kappenberg
78.4%
Ryan Aiken
78.4%
Ryan Opray
78.4%
Ryan Shoulders
78.4%
Shii Ann Huang
78.2%
Burton Roberts
78%
Dre 'Dreamz' Herd
78%
Rodger Bingham
77.9%
Shane Powers
77.9%
Sundra Oakley
77.9%
Tyson Apostol
77.9%
Clay Jordan
77.7%
Sierra Reed
77.7%
Adam Gentry
77.5%
Stacey Stillman
77.3%
Andrew Savage
77%
Keith Famie
76.6%
Brandon Quinton
76.6%
Brandon Bellinger
76.6%
Corinne Kaplan
76.6%
Brad Virata
76%
Alexis Jones
76%
Jason Siska
76%
Erinn Lobdell
76%
Lea 'Sarge' Masters
75.9%
Ashley Massaro
75.9%
Ashley Trainer
75.9%
Dirk Been
75.5%
Paschal English
75.5%
Terry Deitz
75.5%
Jessica Smith
75.5%
Jessica deBen
75.5%
Randy Bailey
75.5%
Taj Johnson-George
75.5%
Chet Welch
75%
Judd Sergeant
74.8%
Rafe Judkins
74.6%
Laura Morett
74.6%
Crystal Cox
74.4%
Ramona Gray
74.2%
Debbie Beebe
74.2%
Gary Hogeboom
74%
Gary Stritesky
74%
Susie Smith
74%
Shawn Cohen
73.9%
Frank Garrison
73.7%
Nate Gonzalez
73.7%
Jaime Dugan
73.7%
Robb Zbacnik
73.5%
Christa Hastie
73.5%
Gregg Carey
73.5%
Cassandra Franklin
73.5%
Denise Martin
73.3%
Jean-Robert Bellande
73.3%
Mick Trimming
73.3%
Jamie Newton
73.1%
Helen Glover
73%
Billy Garcia
73%
Butch Lockley
72.6%
Michael Skupin
72.4%
Christy Smith
72.2%
Darrah Johnson
72.1%
Julie Berry
71.9%
Matty Whitmore
71.9%
Osten Taylor
71.7%
Lydia Morales
71.7%
Coby Archa
71.5%
Jenny Guzon-Bae
71.1%
J.P. Calderon
71.1%
Roger Sexton
70.8%
Janu Tornell
70.8%
Wanda Shirk
70.6%
Teresa Cooper
70.4%
Frosti Zernow
70.4%
Robert DeCanio
70.2%
Ted Rogers, Jr.
70.1%
Nicole Delma
70.1%
Mitchell Olson
69.9%
Tijuana Bradley
69.9%
Cao Boi Bui
69.9%
Caryn Groedel
69.7%
Shannon 'Shambo' Waters
69.7%
Deena Bennett
69.5%
% Correct
Brendan Synott
69.5%
Jaison Robinson
69.5%
Monica Padilla
68.8%
Stephanie Dill
68.6%
Mookie Lee
68.6%
Mary Sartain
68.6%
Rebecca Borman
68.4%
Zoe Zanidakis
67.9%
Peih-Gee Law
67.9%
Edgardo Rivera
67.7%
Stacy Kimball
67.5%
Boo Bernis
67.3%
Ben Browning
67.3%
Ghandia Johnson
67.2%
Leann Slaby
67.2%
Ibrehem Rahman
67.2%
Willard Smith
67.2%
Linda Spencer
67%
Peter Harkey
67%
Tammy Leitner
66.8%
Shawna Mitchell
66.8%
Sekou Bunch
66.8%
Marcus Lehman
66.8%
Angie Jacusz
66.6%
Austin Carty
66.6%
Sally Schumann
66.6%
Silas Gaither
66.4%
Aaron Reisberger
66.4%
Chad Crittenden
66.1%
Brett Clouser
66.1%
Cindy Hall
65.9%
Lisi Linares
65.9%
Chicken Morris
65.9%
Sarah Jones
65.7%
Tracy Hughes-Wolf
65.7%
Charlie Herschel
65.7%
Mikey Bortone
65.5%
Clarence Black
65.3%
Jeanne Hebert
65.3%
Stephannie Favor
65.3%
Jessie Camacho
65%
Hunter Ellis
65%
Candace Smith
64.6%
Sydney Wheeler
64.6%
Ace Gordon
64.4%
Diane Ogden
63.9%
Carolina Eastwood
63.9%
Gina Crews
63.7%
Ashlee Ashby
63.7%
Carl Bilancione
63.5%
Amy O'Hara
63.3%
Joanna Ward
63.2%
Sandy Burgin
63.2%
Jake Billingsley
63%
Misty Giles
63%
Spencer Duhm
63%
Christina Coria
62.8%
Brook Geraghty
62.4%
Maralyn 'Mad Dog' Hershey
62.3%
Melinda Hyder
62.3%
Penny Ramsey
61.9%
Trish Dunn
61.9%
Lisa Keiffer
61.9%
Cecilia Mansilla
61.9%
Jerry Sims
61.7%
Janet Koth
61.5%
Jolanda Jones
61.3%
Patricia Jackson
60.8%
Rory Freeman
60.1%
Jim Lynch
59.7%
G.C. Brown
59.7%
Ruth-Marie Milliman
59.5%
Gillian Larson
59.3%
Betsy Bolan
59.2%
Mia Galeotalanza
59%
Rocky Reid
59%
Leslie Nease
58.6%
Dolly Neely
58.4%
Marisa Calihan
58.3%
Gabriel Cade
58.1%
Jed Hildebrand
58.1%
Margaret Bobonich
57.9%
Anthony Robinson
57.2%
Sherea Lloyd
57.2%
Brooke Struck
56.4%
Tanya Vance
56.1%
Paloma Soto-Castillo
55.5%
Brady Finta
55.2%
Liz Kim
54.8%
Yasmin Giles
54.4%
Sylvia Kwan
54.3%
Travis Sampson
53.9%
Morgan McDevitt
53.7%
Jacquie Berg
52.5%
Blake Towsley
51.9%
Rita Verreos
51.7%
Erica Durousseau
49.9%
Liliana Gomez
47.9%
Lindsey Richter
35.6%

You're not logged in!

Compare scores with friends on all Sporcle quizzes.
Join for Free
OR
Log In

You Might Also Like...

Show Comments

Extras

Created Jan 20, 2013ReportNominate
Tags:survivor, Survivor Castaways

Top Quizzes Today


Score Distribution

Your Account Isn't Verified!

In order to create a playlist on Sporcle, you need to verify the email address you used during registration. Go to your Sporcle Settings to finish the process.

Report this User

Report this user for behavior that violates our Community Guidelines.

Details: